Statistiche per Comuni della Provincia di Verona in Ordine Alfabetico

Clicka qui per fare il quiz!

Statistiche generali

  • Questo quiz è stato fatto 26 volte
  • Il punteggio medio è 55 su 98

Statistiche sulle risposte

InizialeComune% Corretto
AAffi
77%
BBardolino
77%
BBovolone
77%
BBussolengo
77%
GGarda
77%
AAlbaredo d'Adige
69%
BBadia Calavena
69%
BBrenzone sul Garda
69%
BButtapietra
69%
CCaldiero
69%
CCastel d'Azzano
69%
CCerea
69%
CColognola ai Colli
69%
IIsola della Scala
69%
SSan Giovanni Lupatoto
69%
VVerona
69%
AAngiari
62%
AArcole
62%
BBoschi Sant'Anna
62%
BBosco Chiesanuova
62%
CCastagnaro
62%
CCastelnuovo del Garda
62%
CCavaion Veronese
62%
CCologna Veneta
62%
CCostermano sul Garda
62%
DDolcè
62%
EErbè
62%
EErbezzo
62%
FFerrara di Monte Baldo
62%
FFumane
62%
GGrezzana
62%
IIllasi
62%
IIsola Rizza
62%
LLegnago
62%
MMalcesine
62%
OOppeano
62%
PPescantina
62%
PPeschiera del Garda
62%
RRoncà
62%
SSalizzole
62%
SSan Giovanni Ilarione
62%
SSan Martino Buon Albergo
62%
SSant'Ambrogio di Valpolicella
62%
SSant'Anna d'Alfaedo
62%
SSoave
62%
SSommacampagna
62%
TTorri del Benaco
62%
VValeggio sul Mincio
62%
VVelo Veronese
62%
VVigasio
62%
VVillafranca di Verona
62%
ZZevio
62%
BBelfiore
54%
BBevilacqua
54%
BBonavigo
54%
CCaprino Veronese
54%
CCasaleone
54%
CCerro Veronese
54%
CConcamarise
54%
LLavagno
54%
MMezzane di Sotto
54%
NNegrar di Valpolicella
54%
NNogara
54%
NNogarole Rocca
54%
PPalù
54%
PPastrengo
54%
PPovegliano Veronese
54%
RRonco all'Adige
54%
SSanguinetto
54%
SSan Pietro di Morubio
54%
SSan Pietro in Cariano
54%
SSan Zeno di Montagna
54%
SSona
54%
TTregnago
54%
TTrevenzuolo
54%
VVeronella
54%
ZZimella
54%
LLazise
46%
MMinerbe
46%
MMontecchia di Crosara
46%
MMozzecane
46%
RRoverchiara
46%
RRoverè Veronese
46%
SSan Bonifacio
46%
SSan Mauro di Saline
46%
BBrentino Belluno
38%
CCazzano di Tramigna
38%
GGazzo Veronese
38%
MMonteforte d'Alpone
38%
SSelva di Progno
38%
SSorgà
38%
MMarano di Valpolicella
31%
RRivoli Veronese
31%
VVilla Bartolomea
31%
PPressana
23%
RRoveredo di Guà
23%
TTerrazzo
23%
VVestenanova
23%

Distribuzione punteggi

Percentile per numero di risposta

Percentuale di utenti per punteggio

I tuoi punteggi nel tempo

Non hai fatto questo quiz